La vera storia di Gesu cristo /

সংরক্ষণ করুন:
গ্রন্থ-পঞ্জীর বিবরন
প্রধান লেখক: Artaud, Antonin (লেখক)
বিন্যাস: গ্রন্থ
ভাষা:ইতালিয়
প্রকাশিত: Torino : Nautilus, 1992
মালা:Nautilus
ট্যাগগুলো: ট্যাগ যুক্ত করুন
কোনো ট্যাগ নেই, প্রথমজন হিসাবে ট্যাগ করুন!

MARC

LEADER 00000nam a22000007i 4500
001 IT\ICCU\PUV\0289057
003 ItRI
005 20260115232234.0
008 970129s1992 it |||||| ||||| |||||c
040 |b ita  |c importazione bologna sebina 
041 7 |a ita  |2 ISO-639-2 
100 1 |a Artaud, Antonin  |0 IT\ICCU\CFIV\076785  |4 aut 
245 1 3 |a La vera storia di Gesu cristo /  |c Antonin Artaud. 
260 |a Torino :  |b Nautilus,  |c 1992 
300 |a [25] p. ;  |c 16 cm 
500 |a Trad. di Riccardo D'Este 
830 0 |a Nautilus  |0 IT\ICCU\LIG\0248556 
942 |2 ddc  |c BK  |n 0 
952 |0 0  |1 0  |4 0  |6 DOC_843_914000000000000_ART  |7 0  |9 22640  |a BO  |b BO  |d 2026-01-15  |i 15948  |l 0  |o DOC 843.914 ART  |p BO15948  |r 2026-01-15 23:22:34  |w 2026-01-15  |x [Sebina 5] [1 v.]  |y BK  |z 1 v. 
999 |c 19337  |d 19337